1554 1258 1465 1492 1852 1664 1061 1194 1077 1574 1974 1449 1454 1210 1065 1054 1147 1064 1601 1265 1854 1351 1309 1219 1064 1771 1302 1770 1616 1794 1047 1300 1161 1809 1922 1214 1002 1689 1111 1699 1701 1213 1689 1761 1962 1985 1402 1205 1650 1325 1086 1345 1106 1401 1943 1392 1569 1647 1588 1562 1962 1560 1832 1927 1778 1052 1792 1954 1432 1115 1454 1017 1113 1280 1072 1251 1389 1397 1576 1702 1575 1218 1151 1265 1526 1958 1888 1002 1640 1703 1124 1746 1766 1734 1466 1696 1189 1408 1087 BCNSPRNW ULIB Ver.6.0+V

เปลี่ยนเป็นภาษาไทย

Change to English
 แสดงรายละเอียดบรรณานุกรม
  กลับหน้าหลัก

Brief Record : Get Marc (ISO 2709) : E-mail record : QR code < ปิดหน้าต่าง
LEADER : 00000nam 2200000uu 4500
001    13399109548
003     ULIB
008    110211s2553||||th 000 0 tha d
020    9786165070195
060 04 WB395^bส232ข 2553
100 0  สมเกียรติ แสงวัฒนาโรจน์
245 00 ไขมันเกิน...เลยไม่มันส์/^cสมเกียรติ แสงวัฒนาโรจน์
250    พิมพ์ครั้งที่ 1
260    กรุงเทพฯ :^bหมอชาวบ้าน,^c2553
300    218 หน้า :^bภาพประกอบ
650  7 ไขมัน
650  7 คลอเลสเตอรอล
945    ^p175^l0^i028739
945    ^p175^l0^i028738
995    ทศพร
999 ^a ใช้งานได้ทุกระบบ
รายการนี้ยังไม่มีแท็ก
คุณยังไม่ได้ล็อกอิน คุณสามารถมีกิจกรรมร่วมกับเว็บไซต์ได้ แต่ต้องล็อกอินก่อน ::
  ล็อกอิน

รายการสื่อสารสนเทศ

ลำดับที่ ประเภท เลขเรียก/บาร์โค้ด สถานที่ สถานะ
1. วิทยาศาสตร์การแพทย์ และสุขภาพ
หนังสือสำรอง
สถานะ=หนังสือสำรอง
WB395 ส232ข 2553 ฉ.1 
  Barcode: 028738
ห้องสมุดวิทยาเขตสวรรค์ประชารักษ์
►ส่วนจัดเก็บหนังสือเก่า สปร
บนชั้น
  ขอยืม
2. วิทยาศาสตร์การแพทย์ และสุขภาพ
วิทยาศาสตร์การแพทย์ และสุขภาพ
WB395 ส232ข 2553 ฉ.2 
  Barcode: 028739
ห้องสมุดวิทยาเขตสวรรค์ประชารักษ์
►ส่วนจัดเก็บหนังสือเก่า สปร
บนชั้น
  ขอยืม

รายการใกล้เคียง
    ผู้แต่ง [สมเกียรติ แสงวัฒนาโรจน์]

    หัวเรื่อง [ไขมัน]
    หัวเรื่อง [คลอเลสเตอรอล]

BibComment


ยังไม่เคยถูกคอมเมนท์

คอมเมนท์ทรัพยากรรายการนี้
  คอมเมนท์: ไขมันเกินเลยไม่มั..


 Copyright 2026. Bcnsprnw @Library